| 000 | 00612nam a2200157Ia 4500 | ||
|---|---|---|---|
| 008 | 170221s9999 xx 000 0 und d | ||
| 100 | _aTahseen Mohammad Anis Sharadga | ||
| 245 | 4 | _aThe Media Consumption Patterns of the Arab Spring Revolutions: A Field Study for the students' Perceptions in the faculty of Journalism and Press at Al-yarmouk University | |
| 245 | _cTahseen Mohammad Anis Sharadga | ||
| 260 | _bStudies in Media and Communication | ||
| 260 | _c2014 | ||
| 300 | _a3 : | ||
| 650 | _xCommunication | ||
| 650 | _xMedia Arts | ||
| 856 | _uhttp://redfame.com/journal/index.php/smc/issue/view/74 | ||
| 999 |
_c308807 _d308807 |
||